Limón reggae /
Guardado en:
| Hovedforfatter: | |
|---|---|
| Format: | Bog |
| Sprog: | Spanish |
| Udgivet: |
San José :
Editorial Legado,
2007.
|
| Udgivelse: | 1. edición |
| Fag: | |
| Tags: |
Tilføj Tag
Ingen Tags, Vær først til at tagge denne postø!
|
MARC
| LEADER | 00000cam a2200000 a 4500 | ||
|---|---|---|---|
| 001 | 15489673 | ||
| 005 | 20170512090105.0 | ||
| 008 | 081017s2007 cr 000 1 spa | ||
| 020 | |a 9789968951999 | ||
| 040 | |a DLC |c DLC |d CIICLA | ||
| 082 | |a CR863.4 |b R8314-Lm | ||
| 100 | 1 | |a Rossi, Anacristina |d 1952- | |
| 245 | 1 | 0 | |a Limón reggae / |c Anacristina Rossi. |
| 250 | |a 1. edición | ||
| 260 | |a San José : |b Editorial Legado, |c 2007. | ||
| 300 | |a 291 páginas | ||
| 650 | 7 | |9 76 |a LITERATURA COSTARRICENSE |v NOVELA | |
| 942 | |2 ddc |c BK | ||
| 999 | |c 4345 |d 4345 | ||



